Score 0/16 Timer 10:00
0 Plays Today
Category % Correct
Reuseable Shopping BagsBag For Life
51.5%
Pasta, Rice and NoodlesTesco Value Instant Noodles
34%
SweetsHaribo
28.4%
DessertsTesco Value Jelly
23.9%
TobacconistSafety Matches
20.9%
SweetsBassetts Flump
17.9%
SweetsSwizzels Flic N Lic Lolly
7.5%
Cooking SauceTesco Value Curry Sauce
6.3%
Category % Correct
Bakery ComponentWhitworths Seed Pearl Tapioca
4.9%
DessertsTesco Value Low Fat Yogurt
4.9%
DessertsTesco Value Strawberry Whip
4.1%
Soap & Bath ProductsTesco Value Shower Gel
3.4%
SweetsSwizzels Love Hearts
1.5%
Home BakingTesco Value Batter Mix
1.5%
SweetsMilkyway Single
1.1%
Home BakingSupercook Silver Balls
0.4%

You're not logged in!

Compare scores with friends on all Sporcle quizzes.
OR
Log In

Sporcle TV

Today on Sporcle TV


Watch our educational content, quiz creation guides, and fun videos on Sporcle TV.

Show Comments

Extras

Top Quizzes Today


Score Distribution

Paid Content

Your Account Isn't Verified!

In order to create a playlist on Sporcle, you need to verify the email address you used during registration. Go to your Sporcle Settings to finish the process.

Report this User

Report this user for behavior that violates our Community Guidelines.

Details: